| 000 | 00342nam a2200121Ia 4500 | ||
|---|---|---|---|
| 008 | 190722s9999 xx 000 0 und d | ||
| 020 | _a978-81-8487-355-9 | ||
| 100 | _aB. C. Sharma | ||
| 245 | 0 | _aScientific and Technical Reports (How To Write and Illustrate) | |
| 260 |
_aNew Delhi _bNarosa Publishing House _c2014 |
||
| 300 | _a163 | ||
| 942 | _cBK | ||
| 999 |
_c164 _d164 |
||